Telaffuz sözlüğü (Record no. 2437)

MARC details
000 -BAŞLIK
Sabit Uzunlukta Kontrol Alanı 00587na a2200217 4500
001 - KONTROL NUMARASI
Denetim Alanı 14510
003 - KONTROL NUMARASI IDENTIFIER
Denetim Alanı MIRAKIL
005 - SON İŞLEM TARİHİ VE ZAMANI
Denetim Alanı 20181213154857.0
008 - SABİT-BOY VERİ ELEMANLARI - GENEL BİLGİLER
Sabit Uzunlukta Kontrol Alanı 160829b tu 000 0
035 ## - SİSTEM KONTROL NUMARASI
Sistem Kontrol Numarası 14473
040 ## - KATALOGLAMA KAYNAK
Orijinal Kataloglama Ajansı Milas
Kataloglama Dili tur
Metne Dönüştürmek Ajansı TR-AnCHP
082 ## - DEWEY ONLU SINIFLANDIRMA NUMARASI
Sınıflandırma Numarası DAN 411.5
Ürün Numarası M37t [2007]
090 ## - SINIFLAMA NUMARASI
Sınıflama Numarası DAN 411.5 M37t [2007]
100 ## - ANA GİRİŞ - KİŞİSEL İSİM
Kişisel Ad Mete, Şener
245 ## - BAŞLIK TABLOSU
Başlık Telaffuz sözlüğü
Sorumluluk Tablosu, Vb Şener Mete
260 ## - YAYIN, DAĞITIM, VB
Yayın, Dağıtım, Vb Yeri Ankara
Yayıncı, Dağıtıcı, Vs Adı RTÜK
Yayın, Dağıtım, Vb Tarihi [2007]
300 ## - FİZİKSEL TANIM
Kapsam xxv, 606 s.
Boyutlar 20 sm.
650 ## - KONU KATMA GİRİŞ - TOPİKAL DÖNEM
Topikal Süreli Veya Coğrafi Ad Giriş Elemanı Türk dili
Genel Alt Bölümü Telaffuz
Kronolojik Alt Bölümü Sözlükler
650 ## - KONU KATMA GİRİŞ - TOPİKAL DÖNEM
Topikal Süreli Veya Coğrafi Ad Giriş Elemanı Türk dili
Genel Alt Bölümü Diksiyon
Kronolojik Alt Bölümü Sözlükler
942 ## - EKLENDİ GİRİŞ ELEMANLARI (KOHA)
Sınıflandırma Veya Raf Düzeni Kaynak Dewey Decimal Classification
Koha Öğesi Türü Books
999 ## - SİSTEM KONTROL NUMARALARI (KOHA)
Koha Biblionumber 2437
Koha Biblioitemnumber 2437
Holdings
Kalıcı Konum Mevcut Konum Edinme Tarihi Edinim Kaynak Toplam Check-Out'Lar Tam Çağrı Numarası Barkod Tarih Son Görülme İtibaren Geçerli Fiyatlar Koha Öğesi Türü Kopya Sayısı
CHP Kütüphanesi CHP Kütüphanesi 08/29/2016 Bağış   DAN 411.5 M37t [2007] 002508 08/29/2016 08/29/2016 Books  
CHP Kütüphanesi CHP Kütüphanesi 08/29/2016 Bağış   DAN 411.5 M37t [2007] 002509 08/29/2016 08/29/2016 Books k.2